MLB Standings Predictions - Statistics

General Stats
  • This quiz has been taken 66 times
  • The average score is 22 of 30
Answer Stats
Record and place in divison Answer % Correct
AL Central: 1st place(101-61) White Sox
96%
AL Central 2nd Place:(95-67) Twins
93%
AL Central 4th place:(80-82) Royals
89%
AL East 1st place:(97-65) Blue Jays
84%
AL Central 3rd place:(88-74) Indians
84%
AL Central 5th place:(72-90) Tigers
84%
AL East 2nd place:(93-69) Yankees
84%
AL East 4th place:(82-80) Rays
80%
AL East 3rd place:(86-76) Red Sox
80%
AL West 2nd place:(89-73) Angels
78%
AL West 1st place:(91-71) Astros
78%
AL East 5th place:(69-93) Orioles
78%
AL West 3rd place:(86-76) A's
73%
AL West 5th place:(63-99) Rangers
73%
AL West 4th place:(78-84) Mariners
71%
NL Wet 1st place:(106-56) Dodgers
69%
NL East 1st place:(99-63) Braves
67%
NL Central 1st place:(90-72) Brewers
67%
NL West 2nd place:(100-62) Padres
67%
NL Central 5th place:(66-96) Pirates
67%
NL Central 3rd place:(83-79) Reds
67%
NL Central 2nd place:(89-73) Cardinals
64%
NL West 5th place:(70-92) Diamondbacks
64%
NL West 3rd place:(83-79) Giants
64%
NL East 2nd place:(95-67) Mets
64%
NL West 4th place:(73-89) Rockies
64%
NL Central 4th place:(81-81) Cubs
62%
NL East 3rd place:(85-77) Nationals
62%
NL East 5th place:(71-91) Marlins
60%
NL East 4th place:(82-80) Phillies
60%
No matching quizzes found
Score Distribution
Percent of People with Each Score
Percentile by Number Answered
Your Score History
You have not taken this quiz